• AIU
  • Tony Wilmot Memorial Library
Normal view MARC view

Entry Topical Term

Number of records used in: 1

001 - CONTROL NUMBER

  • control field: 26049

003 - CONTROL NUMBER IDENTIFIER

  • control field: OSt

005 - DATE AND TIME OF LATEST TRANSACTION

  • control field: 20140317164239.0

008 - FIXED-LENGTH DATA ELEMENTS

  • fixed length control field: 140317|| aca||aabn | a|a d

040 ## - CATALOGING SOURCE

  • Original cataloging agency: OSt
  • Transcribing agency: OSt

600 ## -

  • : Time management
  • : Computer programs.

670 ## - SOURCE DATA FOUND

  • Source citation: Work cat.: (OSt)0: Kinkoph, Sherry. 26047, Microsoft Outlook 2000 quick reference /, c1999.